[Event "28. Klatovy B 2022"]
[Site "Klatovy"]
[Date "2022.07.02"]
[Round "1.1"]
[White "Koupil, Stepan"]
[Black "Jirasek, Jiri"]
[Result "0-1"]
[WhiteElo "1450"]
[BlackElo "1878"]
[PlyCount "84"]
[EventDate "2022.07.02"]
[EventType "swiss"]
[EventRounds "9"]
[EventCountry "CZE"]

1. e4 e5 2. Nf3 Nf6 3. Nc3 Nc6 4. Bb5 d6 5. O-O Be7 6. h3 O-O 7. d4 exd4 8. Nxd4 Bd7 9. Be3 a6 10. Bc4 b5 11. Bd5 Nxd5 12. Nxd5 Ne5 13. b3 c6 14. Nxe7+ Qxe7 15. f4 Ng6 16. Qd3 Rfe8 17. f5 Ne5 18. Qd2 f6 19. Ne2 Nf7 20. Ng3 d5 21. Rad1 Bc8 22. Qd4 Bb7 23. Bf2 dxe4 24. Rfe1 c5 25. Qxc5 Rac8 26. Qxe7 Rxe7 27. Rc1 b4 28. Bb6 Re5 29. Bd4 Ra5 30. Nxe4 Rxa2 31. Nc5 Bd5 32. Re2 Nd6 33. Rd1 Nxf5 34. Bf2 Bc6 35. g4 Bf3 36. Red2 Bxd1 37. Rxd1 Nh6 38. Re1 Nf7 39. Nd7 Raxc2 40. Nb6 Rd8 41. Nd7 Ng5 42. Nxf6+ gxf6 0-1

[Event "28. Klatovy B 2022"]
[Site "Klatovy"]
[Date "2022.07.02"]
[Round "1.2"]
[White "Masek, Jan"]
[Black "Trcka, Bohdan"]
[Result "1-0"]
[WhiteElo "1865"]
[BlackElo "1448"]
[PlyCount "79"]
[EventDate "2022.07.02"]
[EventType "swiss"]
[EventRounds "9"]
[EventCountry "CZE"]

1. e4 e5 2. Nf3 d6 3. Bc4 h6 4. h3 Nd7 5. O-O Nb6 6. Bb3 Be6 7. Bxe6 fxe6 8. d4 Nd7 9. dxe5 Nxe5 10. Nxe5 dxe5 11. Qh5+ Ke7 12. Rd1 Nf6 13. Rxd8 Nxh5 14. Rxa8 a6 15. Nc3 Kf6 16. Nd5+ exd5 17. exd5 Ng3 18. Rxf8+ Rxf8 19. fxg3 Rd8 20. c4 b5 21. b3 bxc4 22. bxc4 Rb8 23. Ba3 h5 24. Kf2 g5 25. Ke3 a5 26. Ke4 a4 27. Rf1+ Kg6 28. h4 Rb6 29. Kxe5 gxh4 30. gxh4 Rb7 31. c5 Rb8 32. d6 cxd6+ 33. cxd6 Re8+ 34. Kd5 Re2 35. Bc5 Rxg2 36. d7 Rd2+ 37. Bd4 a3 38. d8=Q Kh6 39. Qh8+ Kg6 40. Rf6# 1-0

[Event "28. Klatovy B 2022"]
[Site "Klatovy"]
[Date "2022.07.02"]
[Round "1.3"]
[White "Rudlof, Adam"]
[Black "Danek, Vaclav"]
[Result "0-1"]
[WhiteElo "1438"]
[BlackElo "1862"]
[PlyCount "58"]
[EventDate "2022.07.02"]
[EventType "swiss"]
[EventRounds "9"]
[EventCountry "CZE"]

1. e4 c5 2. Nf3 Nc6 3. d4 cxd4 4. Nxd4 g6 5. Nc3 Bg7 6. Be3 d6 7. Bc4 Nf6 8. O-O O-O 9. f4 Ng4 10. Nxc6 bxc6 11. Qf3 Qa5 12. Bd2 Qc5+ 13. Kh1 Qxc4 14. h3 Nf6 15. f5 Rb8 16. Rab1 Nd7 17. g4 Ne5 18. Qf4 d5 19. h4 d4 20. b3 Qc5 21. Ne2 Ba6 22. b4 Qd6 23. b5 Rxb5 24. Bb4 Rxb4 25. Rxb4 Qxb4 26. Rf2 Qe1+ 27. Kg2 Bxe2 28. Kg3 Qc3+ 29. Kh2 Nxg4+ 0-1

[Event "28. Klatovy B 2022"]
[Site "Klatovy"]
[Date "2022.07.02"]
[Round "1.4"]
[White "Skopec, Lubos"]
[Black "Stross, Frantisek 1952"]
[Result "1-0"]
[WhiteElo "1860"]
[BlackElo "1414"]
[PlyCount "75"]
[EventDate "2022.07.02"]
[EventType "swiss"]
[EventRounds "9"]
[EventCountry "CZE"]

1. e4 e5 2. Nf3 Nc6 3. d4 exd4 4. Nxd4 Nxd4 5. Qxd4 d6 6. Bc4 Be6 7. Na3 Nf6 8. Bg5 Be7 9. O-O h6 10. Bh4 O-O 11. Rad1 Nd7 12. Bxe7 Qxe7 13. Bd5 c6 14. Bxe6 fxe6 15. Qxd6 Qxd6 16. Rxd6 Nf6 17. f3 e5 18. Rfd1 Rae8 19. Nc4 c5 20. Ne3 b6 21. Nd5 Kh7 22. Nxf6+ Rxf6 23. Rxf6 gxf6 24. Rd7+ Kg6 25. Rxa7 Rd8 26. Rb7 Rd6 27. Kf2 Rd2+ 28. Kg3 Rxc2 29. Rxb6 h5 30. h4 c4 31. a4 c3 32. bxc3 Rxc3 33. a5 Ra3 34. Ra6 Ra4 35. Ra8 Kf7 36. a6 Ra5 37. a7 Ra3 38. Rh8 1-0

[Event "28. Klatovy B 2022"]
[Site "Klatovy"]
[Date "2022.07.02"]
[Round "1.5"]
[White "Bukvaj, Martin"]
[Black "Zednik, Zdenek"]
[Result "0-1"]
[WhiteElo "1410"]
[BlackElo "1845"]
[PlyCount "78"]
[EventDate "2022.07.02"]
[EventType "swiss"]
[EventRounds "9"]
[EventCountry "CZE"]

1. Nf3 d5 2. d4 Nf6 3. c4 e6 4. Nc3 Be7 5. g3 c6 6. Bg2 O-O 7. O-O Nbd7 8. Bf4 b6 9. Qa4 Bb7 10. Rac1 Nh5 11. Bd2 f5 12. cxd5 exd5 13. Bh3 g6 14. Bh6 Rf7 15. g4 Ng7 16. Kh1 fxg4 17. Bxg4 Nf5 18. Bd2 b5 19. Qc2 Kg7 20. Rg1 Nh4 21. Nxh4 Bxh4 22. f4 Bf2 23. Rg2 Bxd4 24. f5 Ne5 25. fxg6 hxg6 26. Bh5 Qd6 27. e3 Bb6 28. Rcg1 Rf6 29. Ne2 c5 30. Nf4 d4 31. e4 d3 32. Qc1 Bxe4 33. Qe1 Qc6 34. Bc3 Re8 35. Qg3 Bc7 36. Bd1 Kf8 37. Qh4 b4 38. Qh8+ Ke7 39. Qh4 bxc3 0-1

[Event "28. Klatovy B 2022"]
[Site "Klatovy"]
[Date "2022.07.02"]
[Round "1.6"]
[White "Rezac, Jindrich"]
[Black "Jedlicka, Pavel"]
[Result "1-0"]
[WhiteElo "1833"]
[BlackElo "1406"]
[PlyCount "137"]
[EventDate "2022.07.02"]
[EventType "swiss"]
[EventRounds "9"]
[EventCountry "CZE"]

1. e4 c6 2. d4 d6 3. Nf3 Nf6 4. Nc3 Bg4 5. h3 Bh5 6. Be2 Nbd7 7. Bf4 Bxf3 8. Bxf3 e5 9. Be3 Be7 10. O-O O-O 11. d5 Nb6 12. Qe2 Nfd7 13. Rfd1 c5 14. a3 a5 15. Qb5 Bg5 16. Bxg5 Qxg5 17. Bg4 Qd8 18. b4 h5 19. Bxh5 axb4 20. axb4 g6 21. Rxa8 Qxa8 22. bxc5 dxc5 23. Be2 f5 24. exf5 gxf5 25. Qd3 Qd8 26. Qg3+ Kh7 27. Bb5 Rg8 28. Qf3 Qg5 29. Bxd7 Nxd7 30. h4 Qg4 31. Qxg4 Rxg4 32. Rb1 b6 33. g3 f4 34. Kg2 fxg3 35. fxg3 Rc4 36. Rb3 Kg6 37. Kf3 e4+ 38. Nxe4 Rxc2 39. g4 Rc4 40. Ke3 Rd4 41. d6 Ne5 42. Kf4 Nd3+ 43. Ke3 Nb4 44. h5+ Kf7 45. h6 Nd5+ 46. Kf3 c4 47. Ra3 c3 48. d7 Rd3+ 49. Kf2 Nf6 50. Nxf6 Kxf6 51. d8=Q+ Rxd8 52. Rxc3 Rd6 53. Rh3 Rd8 54. Rh5 Kg6 55. Rb5 Rd6 56. g5 Kh7 57. Kf3 Rg6 58. Kf4 Rc6 59. Kf5 Rg6 60. Re5 Rc6 61. Re6 Rc5+ 62. Kf6 Rc1 63. Re7+ Kg8 64. h7+ Kh8 65. Kg6 Rc6+ 66. Kh5 Rc1 67. Kh6 Rh1+ 68. Kg6 Rf1 69. Re8+ 1-0

[Event "28. Klatovy B 2022"]
[Site "Klatovy"]
[Date "2022.07.02"]
[Round "1.7"]
[White "Zlamana, Tatjana 1956"]
[Black "Koper, Stefan"]
[Result "0-1"]
[WhiteElo "1404"]
[BlackElo "1829"]
[PlyCount "68"]
[EventDate "2022.07.02"]
[EventType "swiss"]
[EventRounds "9"]
[EventCountry "CZE"]

1. d4 g6 2. c3 Bg7 3. Nf3 d5 4. g3 Nf6 5. Bg2 O-O 6. O-O b6 7. Nbd2 Bb7 8. Re1 Nbd7 9. Nf1 e6 10. N3d2 c5 11. e4 cxd4 12. cxd4 dxe4 13. Nxe4 Bxe4 14. Bxe4 Nxe4 15. Rxe4 Nf6 16. Re3 Nd5 17. Rd3 a5 18. a3 b5 19. Rb1 b4 20. Ne3 Rb8 21. Nxd5 Qxd5 22. Bf4 Rb7 23. axb4 Rxb4 24. Be3 Rd8 25. b3 e5 26. Rd2 exd4 27. f4 Qe4 28. Bf2 d3 29. Qf1 Bc3 30. Rdd1 d2 31. Bc5 Rd5 32. Bxb4 Bd4+ 33. Qf2 Bxf2+ 34. Kxf2 axb4 0-1

[Event "28. Klatovy B 2022"]
[Site "Klatovy"]
[Date "2022.07.02"]
[Round "1.8"]
[White "Lener, Jaroslav 1975"]
[Black "Kratochvil, Milos 1976"]
[Result "1-0"]
[WhiteElo "1796"]
[BlackElo "1393"]
[PlyCount "67"]
[EventDate "2022.07.02"]
[EventType "swiss"]
[EventRounds "9"]
[EventCountry "CZE"]

1. c4 g6 2. Nc3 Bg7 3. d4 e5 4. Nf3 exd4 5. Nxd4 d6 6. Bf4 Be6 7. e3 Nf6 8. Be2 Nbd7 9. h4 h5 10. Qc2 Qe7 11. Ncb5 Nc5 12. b4 a6 13. bxc5 axb5 14. cxd6 cxd6 15. Nxb5 O-O 16. Bxd6 Qd8 17. Bxf8 Qxf8 18. O-O Qe7 19. Nd4 Ng4 20. g3 Bf6 21. Qe4 Qd6 22. Rad1 Ne5 23. Nxe6 Qxe6 24. Rd2 Qb6 25. Rfd1 Re8 26. Rd6 Qb2 27. R1d2 Qc3 28. Qc2 Nc6 29. Qxc3 Bxc3 30. R2d3 Bb4 31. Rd7 Ba5 32. Rxb7 Ne5 33. Rd5 Bc3 34. Rb3 1-0

[Event "28. Klatovy B 2022"]
[Site "Klatovy"]
[Date "2022.07.02"]
[Round "1.9"]
[White "Kasik, Denis"]
[Black "Benes, Jachym"]
[Result "0-1"]
[WhiteElo "1361"]
[BlackElo "1776"]
[PlyCount "72"]
[EventDate "2022.07.02"]
[EventType "swiss"]
[EventRounds "9"]
[EventCountry "CZE"]

1. e4 e6 2. d4 d5 3. exd5 exd5 4. c4 Nf6 5. Nc3 Bb4 6. Bd2 O-O 7. Bd3 dxc4 8. Bxc4 Qxd4 9. Be2 Bg4 10. Nf3 Qb6 11. O-O Nc6 12. Qc2 Rad8 13. Bg5 Bxf3 14. Bxf3 Nd4 15. Qc1 Nxf3+ 16. gxf3 Rd3 17. Be3 Qe6 18. Ne2 Nd5 19. Nf4 Nxf4 20. Bxf4 Rxf3 21. Bg3 f5 22. Qd1 Qe4 23. Rc1 f4 24. Bh4 Rh3 25. Qg4 Rd3 26. Rxc7 Qe5 27. Rxb7 Bc5 28. Rc1 Re8 29. h3 Bb6 30. Rc6 Bd8 31. Bxd8 Qe1+ 32. Kg2 Rg3+ 33. fxg3 Qd2+ 34. Kf3 Qe2+ 35. Kxf4 Qe3+ 36. Kf5 Qe5# 0-1

[Event "28. Klatovy B 2022"]
[Site "Klatovy"]
[Date "2022.07.02"]
[Round "1.10"]
[White "Rudlof, Jan"]
[Black "Bukvaj, Jan"]
[Result "1/2-1/2"]
[WhiteElo "1767"]
[BlackElo "1342"]
[PlyCount "33"]
[EventDate "2022.07.02"]
[EventType "swiss"]
[EventRounds "9"]
[EventCountry "CZE"]

1. d4 d5 2. c4 e6 3. Nc3 Nf6 4. cxd5 exd5 5. Bg5 Be7 6. e3 O-O 7. Bd3 Nbd7 8. Nf3 c6 9. O-O h6 10. Bh4 Ne4 11. Bxe7 Qxe7 12. Qc2 f5 13. g3 Ndf6 14. Ne5 Qe8 15. f3 Nd6 16. Ne2 Nd7 17. f4 1/2-1/2

[Event "28. Klatovy B 2022"]
[Site "Klatovy"]
[Date "2022.07.02"]
[Round "1.11"]
[White "Lhotsky, Zdenek 1966"]
[Black "Vachal, Josef1"]
[Result "0-1"]
[WhiteElo "1321"]
[BlackElo "1765"]
[PlyCount "64"]
[EventDate "2022.07.02"]
[EventType "swiss"]
[EventRounds "9"]
[EventCountry "CZE"]

1. e4 d5 2. exd5 Nf6 3. Nc3 Nxd5 4. Bc4 e6 5. Nf3 Be7 6. O-O O-O 7. Re1 Nc6 8. d4 Re8 9. Ne4 h6 10. Ng3 Nf6 11. c3 Bd6 12. Ne5 Bxe5 13. dxe5 Qxd1 14. Rxd1 Nxe5 15. Bb3 Ng6 16. Be3 Ng4 17. Bc5 b6 18. Ba4 Bb7 19. Bxe8 Rxe8 20. Ba3 Nf4 21. Rd7 Nd5 22. Rd1 Ngf6 23. R7xd5 exd5 24. Kf1 g6 25. Ne2 Ba6 26. Re1 Ne4 27. f3 Nd2+ 28. Kf2 Rxe2+ 29. Rxe2 Bxe2 30. Kxe2 Nc4 31. Kd3 Nxa3 32. bxa3 c5 0-1

[Event "28. Klatovy B 2022"]
[Site "Klatovy"]
[Date "2022.07.02"]
[Round "1.12"]
[White "Zak, Jiri1"]
[Black "Skopkova, Marcela"]
[Result "1-0"]
[WhiteElo "1732"]
[BlackElo "1315"]
[PlyCount "87"]
[EventDate "2022.07.02"]
[EventType "swiss"]
[EventRounds "9"]
[EventCountry "CZE"]

1. e4 e5 2. Nf3 d6 3. Bc4 Nf6 4. d3 h6 5. Nc3 c6 6. Bb3 Be7 7. h3 Nbd7 8. Qe2 Nc5 9. Be3 Nxb3 10. axb3 a6 11. O-O O-O 12. Rfd1 Nh7 13. b4 f5 14. Na4 f4 15. Bb6 Qe8 16. c4 Qh5 17. Nc3 Ng5 18. Nxg5 Qxe2 19. Nxe2 hxg5 20. f3 Bd7 21. Nc3 Rac8 22. Ba5 Bd8 23. Bxd8 Rcxd8 24. c5 dxc5 25. bxc5 Rf7 26. d4 Re7 27. Rd2 Bc8 28. Rad1 Red7 29. d5 Kf7 30. Na4 cxd5 31. exd5 Kf6 32. b4 Kf5 33. Nc3 Re8 34. Ne4 Rh8 35. Nd6+ Kf6 36. Re2 b6 37. Ne4+ Kf5 38. c6 Rc7 39. Rc2 a5 40. b5 a4 41. Ra2 Ra7 42. Rda1 Ra5 43. Rxa4 Rxb5 44. Nd6+ 1-0

[Event "28. Klatovy B 2022"]
[Site "Klatovy"]
[Date "2022.07.02"]
[Round "1.13"]
[White "Pasek, Josef"]
[Black "Chmelik, Ladislav"]
[Result "1/2-1/2"]
[WhiteElo "1314"]
[BlackElo "1730"]
[PlyCount "117"]
[EventDate "2022.07.02"]
[EventType "swiss"]
[EventRounds "9"]
[EventCountry "CZE"]

1. d4 d5 2. Nf3 Nf6 3. g3 c6 4. Bg2 Bf5 5. O-O e6 6. c4 Bd6 7. b3 Qe7 8. Bb2 Nbd7 9. Ne5 Ng4 10. Nxd7 Kxd7 11. Nd2 h5 12. Nf3 h4 13. Ne5+ Bxe5 14. dxe5 hxg3 15. hxg3 Kc7 16. cxd5 exd5 17. Rc1 Rad8 18. Qd2 Qe6 19. Qa5+ Kb8 20. Bd4 c5 21. Qxc5 b6 22. Qc7+ Ka8 23. Rc6 Qd7 24. Rfc1 Qxc7 25. Rxc7 Be6 26. a4 Nh6 27. e3 Nf5 28. b4 Rb8 29. g4 Nh4 30. Bh1 Rb7 31. a5 bxa5 32. bxa5 Kb8 33. Rxb7+ Kxb7 34. e4 Bxg4 35. exd5 Nf3+ 36. Kg2 Nxd4 37. Rb1+ Kc7 38. d6+ Kc8 39. Kg3 Be6 40. Be4 Rh3+ 41. Kg2 Ra3 42. Bb7+ Kd8 43. a6 Ra5 44. Rb4 Ne2 45. Bc6 Bd5+ 46. Bxd5 Rxd5 47. Rb8+ Kd7 48. Rb7+ Kc6 49. Rxa7 Nf4+ 50. Kf3 Ne6 51. Ke4 Rd4+ 52. Ke3 Kb6 53. Rxf7 Kxa6 54. Rxg7 Rxd6 55. exd6 Nxg7 56. d7 Ne6 57. f4 Kb6 58. f5 Nd8 59. Kd4 1/2-1/2

[Event "28. Klatovy B 2022"]
[Site "Klatovy"]
[Date "2022.07.02"]
[Round "1.14"]
[White "Cyron, Karel"]
[Black "Stanke, Vilem"]
[Result "1-0"]
[WhiteElo "1708"]
[BlackElo "1314"]
[PlyCount "65"]
[EventDate "2022.07.02"]
[EventType "swiss"]
[EventRounds "9"]
[EventCountry "CZE"]

1. e4 e5 2. Nf3 Nc6 3. Bb5 a6 4. Ba4 Nf6 5. O-O Bc5 6. d3 O-O 7. Bxc6 dxc6 8. Nxe5 Be6 9. c3 Qd6 10. Bf4 Qe7 11. Qe2 Bd6 12. Nd2 Rfd8 13. Rad1 Bxe5 14. Bxe5 Bxa2 15. Bxf6 Qxf6 16. f4 Be6 17. f5 Bd7 18. e5 Qe7 19. d4 c5 20. Ne4 cxd4 21. cxd4 Bb5 22. Qg4 Bxf1 23. Rxf1 Qb4 24. f6 Qxd4+ 25. Kh1 g6 26. e6 Qc4 27. exf7+ Qxf7 28. Ng5 Qd5 29. f7+ Kh8 30. Qh3 h5 31. Qc3+ Qd4 32. f8=Q+ Rxf8 33. Qxd4+ 1-0

[Event "28. Klatovy B 2022"]
[Site "Klatovy"]
[Date "2022.07.02"]
[Round "1.15"]
[White "Barth, Vit"]
[Black "Vana, Jan 2010"]
[Result "0-1"]
[WhiteElo "1310"]
[BlackElo "1708"]
[PlyCount "54"]
[EventDate "2022.07.02"]
[EventType "swiss"]
[EventRounds "9"]
[EventCountry "CZE"]

1. d4 Nf6 2. c4 c5 3. e3 g6 4. Nf3 Bg7 5. Nc3 O-O 6. Bd3 cxd4 7. exd4 d5 8. O-O Nc6 9. Be3 Bg4 10. cxd5 Nxd5 11. Be4 Nxe3 12. fxe3 Rc8 13. Qb3 Bxf3 14. Rxf3 e5 15. d5 Na5 16. Qa3 f5 17. Bc2 Nc4 18. Qb4 e4 19. Rh3 Nxb2 20. Qxb7 Rxc3 21. Qxb2 Rxc2 22. Qxc2 Bxa1 23. Qc6 Qc8 24. Qd6 Bg7 25. Qf4 Qc1+ 26. Kf2 Qd2+ 27. Kg3 Qe1+ 0-1

[Event "28. Klatovy B 2022"]
[Site "Klatovy"]
[Date "2022.07.02"]
[Round "1.16"]
[White "Durchan, Milan 1961"]
[Black "Vajdik, Josef"]
[Result "1-0"]
[WhiteElo "1687"]
[BlackElo "1305"]
[PlyCount "97"]
[EventDate "2022.07.02"]
[EventType "swiss"]
[EventRounds "9"]
[EventCountry "CZE"]

1. f4 d5 2. Nf3 Nf6 3. g3 c5 4. Bg2 Nc6 5. c3 Bf5 6. d3 h6 7. Nbd2 e6 8. Qc2 c4 9. Nh4 cxd3 10. exd3 Bh7 11. Nb3 Rc8 12. Qe2 Be7 13. Nf3 O-O 14. O-O Qc7 15. d4 Rfe8 16. Ne5 Nd7 17. Nd2 Bf6 18. Ndf3 a6 19. h4 Na5 20. Ng4 Nc4 21. Nfe5 Be7 22. Nxc4 Qxc4 23. Qxc4 Rxc4 24. Ne5 Nxe5 25. fxe5 b5 26. a3 a5 27. Rf4 b4 28. Bf1 Rc7 29. axb4 axb4 30. Bd2 b3 31. Be2 Be4 32. Rff1 Rcc8 33. Ra5 Ra8 34. Rfa1 Rxa5 35. Rxa5 g5 36. hxg5 Bxg5 37. Bxg5 hxg5 38. Kf2 Kg7 39. Ke3 Bc2 40. c4 dxc4 41. Bxc4 Rb8 42. Ra3 Rb4 43. Bd3 Kh6 44. Ra1 Bxd3 45. Rh1+ Kg7 46. Kxd3 Rb5 47. Kc4 Rb8 48. Rf1 Rb7 49. Rf3 1-0

[Event "28. Klatovy B 2022"]
[Site "Klatovy"]
[Date "2022.07.02"]
[Round "1.17"]
[White "Pozar, Pavel"]
[Black "Vnoucek, Pavel"]
[Result "0-1"]
[WhiteElo "1304"]
[BlackElo "1678"]
[PlyCount "88"]
[EventDate "2022.07.02"]
[EventType "swiss"]
[EventRounds "9"]
[EventCountry "CZE"]

1. e4 c5 2. Bc4 Nc6 3. d3 e6 4. Qf3 Nf6 5. Bg5 Be7 6. e5 Nxe5 7. Qg3 Nxc4 8. dxc4 Qb6 9. Qc3 h6 10. Be3 O-O 11. Na3 d5 12. O-O-O d4 13. Bxd4 cxd4 14. Qxd4 Qxd4 15. Rxd4 Bc5 16. Rd2 Ne4 17. Nf3 Nxd2 18. Nxd2 Bxa3 19. bxa3 b6 20. a4 Bb7 21. Kb2 Bxg2 22. Re1 Bc6 23. Kb3 Rfd8 24. Nb1 Rd4 25. Re5 Rh4 26. a5 Rxh2 27. axb6 axb6 28. c5 bxc5 29. Rxc5 Ba4+ 30. Kb2 Rxf2 31. Nc3 Bxc2 32. Kc1 g5 33. a4 Bxa4 34. Nxa4 Rxa4 35. Rc8+ Kg7 36. Rb8 Ra1+ 37. Rb1 Rf1+ 38. Kd2 Raxb1 39. Ke3 Rf4 40. Kd3 Rb3+ 41. Kc2 Rh3 42. Kd2 Rf2+ 43. Ke1 Ra2 44. Kf1 Rh1# 0-1

[Event "28. Klatovy B 2022"]
[Site "Klatovy"]
[Date "2022.07.02"]
[Round "1.18"]
[White "Kovar, Vaclav 1953"]
[Black "Fadrny, Jachym"]
[Result "1/2-1/2"]
[WhiteElo "1619"]
[BlackElo "1198"]
[PlyCount "63"]
[EventDate "2022.07.02"]
[EventType "swiss"]
[EventRounds "9"]
[EventCountry "CZE"]

1. d4 d5 2. c4 e6 3. Nc3 Nf6 4. Nf3 Be7 5. Bf4 O-O 6. e3 b6 7. cxd5 exd5 8. Bd3 a6 9. O-O Bb7 10. Rc1 Bd6 11. Bxd6 Qxd6 12. Ne2 Nbd7 13. Ng3 g6 14. a3 Rfc8 15. Re1 a5 16. e4 dxe4 17. Nxe4 Nxe4 18. Bxe4 Bxe4 19. Rxe4 Re8 20. Qe2 Kf8 21. Qe3 Nf6 22. Qh6+ Kg8 23. Rh4 Rad8 24. Ne5 Qd5 25. g4 Qxd4 26. g5 Qxe5 27. gxf6 Qxf6 28. Qxh7+ Kf8 29. Qh8+ Qxh8 30. Rxh8+ Kg7 31. Rxe8 Rxe8 32. Rxc7 1/2-1/2

[Event "28. Klatovy B 2022"]
[Site "Klatovy"]
[Date "2022.07.02"]
[Round "1.19"]
[White "Vavrinek, Tomas"]
[Black "Devera, Filip"]
[Result "1/2-1/2"]
[WhiteElo "1677"]
[BlackElo "1287"]
[PlyCount "34"]
[EventDate "2022.07.02"]
[EventType "swiss"]
[EventRounds "9"]
[EventCountry "CZE"]

1. d4 Nf6 2. c4 g6 3. Nc3 Bg7 4. e4 d6 5. Nf3 O-O 6. Be2 e5 7. dxe5 dxe5 8. Bg5 Qxd1+ 9. Rxd1 Nc6 10. O-O Bg4 11. h3 Bxf3 12. Bxf3 Nd4 13. Rd3 c6 14. Rfd1 Rad8 15. Kf1 Nxf3 16. Rxd8 Nxg5 17. f3 Ne6 1/2-1/2

[Event "28. Klatovy B 2022"]
[Site "Klatovy"]
[Date "2022.07.02"]
[Round "1.20"]
[White "Studzinski, David 2002"]
[Black "Berka, Lubos"]
[Result "1/2-1/2"]
[WhiteElo "1284"]
[BlackElo "1677"]
[PlyCount "41"]
[EventDate "2022.07.02"]
[EventType "swiss"]
[EventRounds "9"]
[EventCountry "CZE"]

1. e4 b6 2. Nc3 Bb7 3. d4 e6 4. Nf3 Nf6 5. Bg5 Be7 6. e5 Nd5 7. Nxd5 Bxd5 8. Bxe7 Qxe7 9. Bd3 Qb4+ 10. c3 Qxb2 11. Qc1 Qxc1+ 12. Rxc1 Bxa2 13. c4 Bb3 14. Ra1 Nc6 15. Kd2 b5 16. cxb5 Ne7 17. Rhc1 Kd8 18. Ng5 Kc8 19. Nxf7 Rf8 20. Nd6+ Kb8 21. Ne4 1/2-1/2

[Event "28. Klatovy B 2022"]
[Site "Klatovy"]
[Date "2022.07.02"]
[Round "1.21"]
[White "Beran, Jakub"]
[Black "Zrust, Lukas"]
[Result "1/2-1/2"]
[WhiteElo "1676"]
[BlackElo "1266"]
[PlyCount "70"]
[EventDate "2022.07.02"]
[EventType "swiss"]
[EventRounds "9"]
[EventCountry "CZE"]

1. c4 c5 2. Nc3 Nc6 3. Nf3 d6 4. g3 g6 5. Bg2 Bg7 6. d3 Nf6 7. O-O O-O 8. a3 Bd7 9. Bd2 Rc8 10. Rb1 Qb6 11. Na4 Qc7 12. b4 b6 13. bxc5 bxc5 14. Nc3 a6 15. Qc2 Rb8 16. Rxb8 Rxb8 17. Rb1 Bf5 18. Rxb8+ Qxb8 19. Qb1 Qxb1+ 20. Nxb1 Nd7 21. Nh4 Nd4 22. Nxf5 Nxf5 23. e3 Ne5 24. Be4 Kf8 25. h3 h5 26. Kg2 Ke8 27. f4 Nd7 28. Kf2 Kd8 29. Nc3 e6 30. Bxf5 gxf5 31. Kf3 Ke7 32. g4 fxg4+ 33. hxg4 hxg4+ 34. Kxg4 f5+ 35. Kf3 Nf6 1/2-1/2

[Event "28. Klatovy B 2022"]
[Site "Klatovy"]
[Date "2022.07.02"]
[Round "1.22"]
[White "Filip, Petr 1952"]
[Black "Sova, Zdenek"]
[Result "0-1"]
[WhiteElo "1266"]
[BlackElo "1669"]
[PlyCount "88"]
[EventDate "2022.07.02"]
[EventType "swiss"]
[EventRounds "9"]
[EventCountry "CZE"]

1. e4 c5 2. f4 e6 3. Nf3 Nc6 4. c3 d6 5. Be2 Nf6 6. d3 Be7 7. O-O O-O 8. Nbd2 b6 9. d4 cxd4 10. cxd4 Bb7 11. a3 a5 12. Bd3 h6 13. Qe2 Nb8 14. h3 Ba6 15. Bxa6 Nxa6 16. Nh2 Nc7 17. Rf3 Nh7 18. Rd3 Nf6 19. e5 Nfd5 20. Qe4 Rc8 21. Ng4 f5 22. Nxh6+ gxh6 23. Qf3 Kh7 24. Nf1 Rg8 25. Kf2 Bh4+ 26. Ke2 Qd7 27. g3 Be7 28. g4 Ne8 29. Nh2 Rc2+ 30. Bd2 Ng7 31. Rg1 Qe8 32. Qg3 Nh5 33. Qf2 Nhxf4+ 34. Kd1 Nxd3 35. Qf1 Rxd2+ 36. Kxd2 N5f4 37. h4 dxe5 38. gxf5 exf5 39. Nf3 e4 40. Ne5 Rxg1 41. Qxg1 Nxe5 42. dxe5 Bc5 43. Qf1 Qxe5 44. Qb5 Be3+ 0-1

[Event "28. Klatovy B 2022"]
[Site "Klatovy"]
[Date "2022.07.02"]
[Round "1.23"]
[White "Macho, Miloslav"]
[Black "Kusova, Nikola"]
[Result "1-0"]
[WhiteElo "1664"]
[BlackElo "1250"]
[PlyCount "55"]
[EventDate "2022.07.02"]
[EventType "swiss"]
[EventRounds "9"]
[EventCountry "CZE"]

1. Nf3 Nf6 2. g3 Nc6 3. d4 d6 4. Bg2 Bg4 5. c4 e5 6. d5 Bxf3 7. exf3 Nd4 8. O-O c6 9. Re1 cxd5 10. Qxd4 Be7 11. Qd3 Qa5 12. Bd2 dxc4 13. Qxc4 Qb6 14. Qa4+ Kf8 15. Qb4 Re8 16. Qxb6 axb6 17. Nc3 Nd7 18. f4 exf4 19. Bxf4 Nc5 20. Rad1 Rd8 21. Nd5 Bf6 22. Nxf6 gxf6 23. Bh6+ Kg8 24. Re7 Ne6 25. Bd5 Rc8 26. Bxe6 fxe6 27. Rg7+ Kf8 28. Rc7+ 1-0

[Event "28. Klatovy B 2022"]
[Site "Klatovy"]
[Date "2022.07.02"]
[Round "1.25"]
[White "Berkovec, Jakub"]
[Black "Bara, Jan"]
[Result "0-1"]
[WhiteElo "1191"]
[BlackElo "1616"]
[PlyCount "102"]
[EventDate "2022.07.02"]
[EventType "swiss"]
[EventRounds "9"]
[EventCountry "CZE"]

1. e4 c5 2. Nf3 d6 3. d4 cxd4 4. Nxd4 Nf6 5. Nc3 g6 6. Be3 Bg7 7. Be2 O-O 8. O-O Nc6 9. Qd2 Bd7 10. Rad1 Rc8 11. f4 Ng4 12. Bxg4 Bxg4 13. Rde1 Bd7 14. h3 Na5 15. b3 Nc6 16. Rd1 Re8 17. f5 Nxd4 18. Bxd4 Qa5 19. Bxg7 Kxg7 20. Nd5 Qxd2 21. Rxd2 f6 22. g4 Bc6 23. Re1 Bxd5 24. exd5 Rc3 25. Kg2 h5 26. Rf1 hxg4 27. hxg4 gxf5 28. gxf5 Kf7 29. Kf2 Rh8 30. Ke2 Rhh3 31. Rf2 Rce3+ 32. Kf1 Re5 33. Rf4 Rh5 34. c4 Rexf5 35. Rxf5 Rxf5+ 36. Kg2 Kg6 37. Re2 Re5 38. Rf2 Kg5 39. Kg3 Re3+ 40. Kg2 Kg4 41. Kf1 Rf3 42. Ke1 Rxf2 43. Kxf2 Kf4 44. Ke2 Ke4 45. Kd2 f5 46. Ke2 f4 47. a3 Kd4 48. Kf3 Kc3 49. Kxf4 Kxb3 50. Kf5 Kxc4 51. Ke6 b5 0-1

[Event "28. Klatovy B 2022"]
[Site "Klatovy"]
[Date "2022.07.02"]
[Round "1.26"]
[White "Skalny, Petr"]
[Black "Deverova, Tereza 1992"]
[Result "1-0"]
[WhiteElo "1609"]
[BlackElo "1175"]
[PlyCount "65"]
[EventDate "2022.07.02"]
[EventType "swiss"]
[EventRounds "9"]
[EventCountry "CZE"]

1. d4 e6 2. e4 d5 3. e5 c5 4. c3 Nc6 5. Nf3 Qb6 6. Qa4 Bd7 7. Bb5 c4 8. Nbd2 a6 9. O-O Qxb5 10. Qc2 Nh6 11. Ng5 g6 12. Ndf3 Nf5 13. g4 Nh6 14. h3 Bg7 15. Nh2 f6 16. exf6 Bxf6 17. Nxh7 O-O-O 18. Nxf6 Ne7 19. Qe2 Nhg8 20. Bf4 Nc6 21. Nxd7 Rxd7 22. Qxe6 Nge7 23. a4 Qb6 24. Rfb1 Qd8 25. Kg2 Qf8 26. Bg3 Qh6 27. h4 g5 28. Qxh6 Rxh6 29. h5 Ng8 30. b4 Nf6 31. b5 axb5 32. axb5 Nd8 33. Ra8# 1-0

[Event "28. Klatovy B 2022"]
[Site "Klatovy"]
[Date "2022.07.02"]
[Round "1.27"]
[White "Skalicky, Jindrich"]
[Black "Hanzlik, Jiri"]
[Result "0-1"]
[WhiteElo "1152"]
[BlackElo "1609"]
[PlyCount "116"]
[EventDate "2022.07.02"]
[EventType "swiss"]
[EventRounds "9"]
[EventCountry "CZE"]

1. e4 e6 2. d4 d5 3. Nd2 Be7 4. Ngf3 Nc6 5. Bb5 Bd7 6. Bxc6 Bxc6 7. exd5 Bxd5 8. O-O Bd6 9. Nb3 Bc4 10. Re1 Nf6 11. Bg5 h6 12. Bxf6 Qxf6 13. c3 Bd5 14. Nbd2 O-O 15. Ne4 Qf4 16. Nxd6 Bxf3 17. Qxf3 Qxf3 18. gxf3 cxd6 19. Re3 d5 20. Rae1 b5 21. f4 g6 22. Rg3 Kh7 23. Kh1 a5 24. h4 h5 25. Ree3 Rac8 26. Kg2 Rc6 27. Kf3 Rc4 28. Ke2 Rfc8 29. Kd2 Ra4 30. a3 Rac4 31. Ref3 Kg7 32. Rh3 R4c6 33. Rhg3 Rb6 34. Kc2 Kf6 35. Kb3 Rc4 36. Ka2 Ke7 37. Rh3 Rc7 38. Rhg3 Rcb7 39. b4 axb4 40. cxb4 Rc6 41. Rc3 Rbc7 42. Kb3 Rc4 43. Rxc4 Rxc4 44. Rc3 Kd6 45. Rxc4 dxc4+ 46. Kc3 f6 47. f3 g5 48. fxg5 fxg5 49. hxg5 h4 50. g6 Ke7 51. g7 Kf7 52. g8=Q+ Kxg8 53. f4 h3 54. Kd2 h2 55. d5 exd5 56. Ke3 h1=Q 57. f5 Qe4+ 58. Kd2 Qd3+ 0-1